My cure-all health plan (Record no. 74120)
[ view plain ]
| 000 -LEADER | |
|---|---|
| fixed length control field | 01134cab a2200241 4500 |
| 001 - CONTROL NUMBER | |
| control field | ABS67430 |
| 008 - FIXED-LENGTH DATA ELEMENTS--GENERAL INFORMATION | |
| fixed length control field | 040205n2004 000 0 eng u |
| 035 ## - SYSTEM CONTROL NUMBER | |
| System control number | (Sirsi) u125045 |
| 100 ## - MAIN ENTRY--PERSONAL NAME | |
| Personal name | Hodgkinson, P. |
| 245 ## - TITLE STATEMENT | |
| Title | My cure-all health plan |
| 260 ## - PUBLICATION, DISTRIBUTION, ETC. | |
| Date of publication, distribution, etc. | 2004 |
| 490 ## - SERIES STATEMENT | |
| Series statement | Building |
| Volume/sequential designation | 269(8315) 16 January 2004, 34(1) |
| 520 ## - SUMMARY, ETC. | |
| Summary, etc. | Discusses the importance of health and safety training for all staff of construction companies. Describes how all the operational staff of the company attended the Construction Skills Certification Scheme and urges the government to make it compulsory for all directors of construction companies which would do much to improve health and safety over the whole industry. Further urges companies to examine business issues from a health and safety perspective. |
| 590 ## - LOCAL NOTE (RLIN) | |
| Local note | ABS |
| 650 ## - SUBJECT ADDED ENTRY--TOPICAL TERM | |
| Topical term or geographic name entry element | CONSTRUCTION SAFETY |
| 650 ## - SUBJECT ADDED ENTRY--TOPICAL TERM | |
| Topical term or geographic name entry element | OCCUPATIONAL HEALTH AND SAFETY |
| 650 ## - SUBJECT ADDED ENTRY--TOPICAL TERM | |
| Topical term or geographic name entry element | CONSTRUCTION AND PROPERTY SERVICES |
| 650 ## - SUBJECT ADDED ENTRY--TOPICAL TERM | |
| Topical term or geographic name entry element | HEALTH AND SAFETY EXECUTIVE |
| 650 ## - SUBJECT ADDED ENTRY--TOPICAL TERM | |
| Topical term or geographic name entry element | COMPANY DIRECTORS |
| 650 ## - SUBJECT ADDED ENTRY--TOPICAL TERM | |
| Topical term or geographic name entry element | CONSTRUCTION SKILLS CERTIFICATION SCHEME |
| 690 ## - LOCAL SUBJECT ADDED ENTRY--TOPICAL TERM (OCLC, RLIN) | |
| Topical term or geographic name as entry element | Health and safety |
| 9 (RLIN) | 6244 |
| 942 ## - ADDED ENTRY ELEMENTS (KOHA) | |
| Suppress in OPAC | 0 |
| Withdrawn status | Lost status | Source of classification or shelving scheme | Damaged status | Not for loan | Home library | Current library | Shelving location | Date acquired | Total Checkouts | Full call number | Barcode | Date last seen | Copy number | Price effective from | Koha item type |
|---|---|---|---|---|---|---|---|---|---|---|---|---|---|---|---|
| Dewey Decimal Classification | London | London | Journal article | 05/02/2004 | ABS67430 | 125045-1001 | 06/08/2019 | 1 | 06/08/2019 | Journal article |